National conference on geomtics in governance for development, February 15-17,2001, Hyderabad: pre- conference publication (Record no. 502273)

000 -LEADER
fixed length control field 00452cam a22001217a 4500
008 - FIXED-LENGTH DATA ELEMENTS--GENERAL INFORMATION
fixed length control field 180718b2001 xxu||||| |||| 00| 0 eng d
082 ## - DEWEY DECIMAL CLASSIFICATION NUMBER
Classification number J222 N213
245 ## - TITLE STATEMENT
Title National conference on geomtics in governance for development, February 15-17,2001, Hyderabad: pre- conference publication
260 ## - PUBLICATION, DISTRIBUTION, ETC.
Place of publication, distribution, etc. Hyderabad
Name of publisher, distributor, etc. National Remote Sensing Agency
Date of publication, distribution, etc. 2001
300 ## - PHYSICAL DESCRIPTION
Extent 146p.
650 ## - SUBJECT ADDED ENTRY--TOPICAL TERM
Topical term or geographic name entry element Geographical information system
700 ## - ADDED ENTRY--PERSONAL NAME
Personal name Indian Society of Geomatics
Holdings
Withdrawn status Lost status Damaged status Not for loan Permanent Location Current Location Date acquired Full call number Barcode Date last seen Price effective from Koha item type
        Indian Institute of Public Administration Indian Institute of Public Administration 2018-08-04 J222 N213 GR18085 2018-08-04 2018-08-04 GR

Powered by Koha